Jetpunk Users by most succesful Quiz - Statistics

General Stats
  • This quiz has been taken 13 times
  • The average score is 6 of 16
Answer Stats
Quiz Takes on May 28 User % Correct
Countries of the World 8,599,046 Quizmaster
90%
Countries of the World-One Minute Sprint 173.954 Jerry928
60%
Countries by First Two Letters in 90 Seconds 395,657 scambigol
60%
Most-Visited Countries by U.S. Presidents 1,205 Gassu69
50%
Digits of Pi 136,369 kalbahamut
50%
Countries of the World with an Empty Map 171,095 relessness
50%
World Capitals by First Two Letters in 90 Seconds 37,681 Gamer1162
40%
Donald Trump Spelling Quiz 91 Gossguy
40%
The Seven Continents Map Quiz 46,384 Quizzer6794
40%
Country Shapes in the World Map #1 22,679 KolijiVriVoda
30%
Most Guessed African Countries on JetPunk 9,692 catlover2496
20%
25 Most Photographed Cities in Europe 32,400 kiwirage
20%
États des États-Unis 204,972 punkfrancais
20%
Disney Animated Characters Quiz 191,494 CBTemple
10%
Fast Typing A to Z 740,973 johnnyaitch
10%
Fast Typing Test-100 WPM Challenge 212,414 ThirdParty
10%
No matching quizzes found
Score Distribution
Percent of People with Each Score
Percentile by Number Answered
Your Score History
You have not taken this quiz